00903nam a22002417a 450000500170000001000130001702000220003003500130005203700160006504000120008108200160009324500800010924600060018926000410019527000590023630000200029565000730031565000430038870000250043194200250045699900190048195201610050020170124110006.0 aA-326626 c00.00a8170500524 aA-326626 bCen Lib/Ret aDPLbEN a327.54bHAK aNehru vision of peace and security in nuclear age /cedited by P. N. Haksar b  bPatriot Publishers c1987aNew Delhi aLink House, Bahadur Shah Zafar MargbNew Delhie110002 a296p.c22cm(Hb) aNehru, Jawaharlal, -- 1889-1964 -- Political and social views985302 aNehru, Jawaharlal, -- 1889-1964985303 aHaksar, P. N.916909 2ddccENh327.54mHAK c126199d126199 04104070aLbLd2015-06-24eCen Lib/Retg0.00l0o327.54 HAKpA-326626r2015-06-24 00:00:00t1v0.00w2015-06-24yENzW/d List No. 6898/8 ; dtd 21/10/2020